wpisz liczby od 1 do 50 w 30 sekund - Statystyki

Ogólne statystyki
  • Ten quiz został rozwiązany 149 razy
  • Średni wynik to 37 z 50
Statystyki odpowiedzi
Odpowiedź % Poprawnych
1
100%
2
100%
3
100%
4
100%
5
100%
14
96%
19
96%
6
96%
7
96%
8
96%
9
96%
11
93%
12
93%
13
93%
16
93%
17
93%
21
93%
23
93%
15
91%
18
91%
22
91%
10
89%
20
89%
24
89%
25
83%
26
83%
28
83%
27
80%
29
80%
30
74%
31
70%
32
70%
33
63%
34
63%
35
59%
36
59%
37
59%
38
52%
39
52%
40
48%
41
48%
42
43%
43
43%
45
43%
44
37%
46
37%
49
37%
50
37%
47
35%
48
35%
Nie znaleziono quizów pasujących do podanych kryteriów
Rozkład punktacji
Procent ludzi z każdym wynikiem
Percentyl według liczby udzielonych odpowiedzi
Twoja historia wyników
Nie rozwiązałeś tego quizu